000 00896na a2200265 4500
001 15186
003 MIRAKIL
005 20181213155157.0
008 161102b tu 000 0
020 _a9789944250351
035 _a15186
040 _aMilas
_btur
_cTR-AnCHP
082 _a956.109
_bA92s 2009
090 _a956.109 A92s 2009
100 _aAya, Şükrü Server
245 _aSoykırım tacirleri ve gerçekler
_bTürk aleyhtarları ve tarafsız yabancı belgelerle diaspora yalanlarının içyüzü
_cŞükrü Server Aya
246 _aTürk aleyhtarları ve tarafsız yabancı belgelerle diaspora yalanlarının içyüzü
260 _aİstanbul
_bDerin Yayınları
_c2009
300 _a496 s.
_c24 sm.
490 _aDerin yayınları
_v128
650 _aErmeni sorunu
_xTarih
650 _aErmeniler
_xSiyaset ve yönetim
_zTürkiye
651 _aTürkiye
942 _2ddc
_cBKS
999 _c8010
_d8010